| 000 | 00325nam a22001097a 4500 | ||
|---|---|---|---|
| 008 | 240730b |||||||| |||| 00| 0 eng d | ||
| 040 |
_aNational Science Library _cNational Science Library |
||
| 080 | _a547(02)=30 J5 | ||
| 245 | _aAllgemeine organische chemie | ||
| 260 |
_aBerlin: _bAkademie Verlag, _c1959 |
||
| 942 |
_2udc _cBK |
||
| 999 |
_c65203 _d65203 |
||